| 000 | 00575nam a2200169 4500 | ||
|---|---|---|---|
| 001 | 138968 | ||
| 003 | ES-MaACL | ||
| 005 | 20230906195657.0 | ||
| 007 | t| | ||
| 008 | 070214s1951 it r ||||1| ita d | ||
| 100 | 1 |
_aSaporta, Marcello. _9103726 |
|
| 245 | 1 | 2 |
_aL'utilizzazione delle opere cinematografiche da parte della televisione / _cMarcello Saporta. |
| 260 |
_aRoma : _bS.I.A.E., _c1951. |
||
| 300 |
_a25 p. ; _c24 cm. |
||
| 500 | _aEs estratto dalla Rivista Il Diritto di Autore, anno XXII, nÂș 3-4, juglio-dicembre, 1951. | ||
| 852 |
_aES-MaACL _j1944-F-9 _bR.32008 |
||
| 999 |
_c138968 _d138968 |
||